Statystyki dla Państwa produkujące najwięcej ropy naftowej

Kliknij tutaj aby rozwiązać quiz!

Ogólne statystyki

  • Ten quiz został rozwiązany 28 264 razy
    (11 201 od ostatniego zresetowania)
  • Średni wynik to 14 z 20

Statystyki odpowiedzi

BeczkiKraj% Poprawnych
11,3 milStany Zjednoczone
97%
9,87 milRosja
95%
9,41 milArabia Saudyjska
93%
3,89 milChiny
90%
4,18 milKanada
82%
2,67 milIran
81%
4,10 milIrak
79%
3,14 milZjednoczone Emiraty Arabskie
79%
1,34 milKatar
78%
2,94 milBrazylia
75%
1,71 milMeksyk
74%
0,95 milOman
71%
2,56 milKuwejt
64%
1,71 milNorwegia
59%
1,76 milKazachstan
52%
0,95 milWielka Brytania
51%
0,71 milIndonezja
48%
1,12 milAlgieria
38%
1,77 milNigeria
38%
1,26 milAngola
17%

Rozkład punktacji

Percentyl według liczby udzielonych odpowiedzi

Procent ludzi z każdym wynikiem

Twoja historia wyników

Nie rozwiązałeś tego quizu od ostatniego zresetowania